000 02387nam0a2200421 4500
001 RU\NLR\bibl\985527
005 20260405180306.0
021 _aRU
_b2006-49720
_92460
035 _a(nilc)EL/0000081425
035 _a(NLR Aleph) 000973394
090 _a413502
_c413502
100 _a20060903d2005 |||y0rusy50 ca
101 0 _arus
102 _aRU
105 _aa |||||||||
200 1 _aЧерчение с элементами архитектурной графики
_eучебное пособие
_eдля студентов специальности "Архитектура" и "Дизайн"
_fО.Т. Иевлева, М.В. Резникова, И.А. Ренжиглова, Е.Ю. Семенова
_gМ-во образования и науки Рос. Федерации, Рост. гос. акад. архитектуры и искусства
205 _a[2-е изд.]
210 _aРостов-на-Дону
_cРостовская государственная академия архитектуры и искусства
_d2005
215 _a134 с.
_cил.
_d23
300 _aВ вып. дан. авт.: д.т.н. О.Т. Иевлева, к.арх. М.В. Резникова, к.т.н. И.А. Ренжиглова, к.т.н. Е.Ю. Семенова
320 _aБиблиогр.: с. 134 (14 назв.)
606 1 _aАрхитектурная графика
_jУчебные издания для высших учебных заведений
_91062579
_3RU\NLR\auth\6694180
610 0 _aЧерчение
610 0 _aАрхитектурная графика
610 0 _aУчебные издания для вузов
686 _a30.11я73
_vLBC/RL
_2rubbk
686 _a38.28я73
_vLBC/RL
_2rubbk
686 _aЩ112.81я73
701 1 _aИевлева
_bО. Т.
_gОльга Тихоновна
_4070
701 1 _aРезникова
_bМ. В.
_gМарина Витальевна
_4070
701 1 _aРенжиглова
_bИ. А.
_gИрина Арсеньевна
_4070
701 1 _4070
_8rus
_7ca
_aСеменова
_bЕ. Ю.
_cканд. техн. наук, компьютер. графика
_gЕлена Юрьевна
_3RU\NLR\auth\7777261
_960189
801 0 _aRU
_bДонская ГПБ
_c20060903
_grcr
801 1 _aRU
_bДонская ГПБ
_c20060903
_2rusmarc
801 2 _aRU
_bNLR
_c20060919
_grcr
942 _cBOOK
980 _aNB